LEADER 01790nab a2200265 a 4500 001 000000146905 003 CaOOAMICUS 005 20151026171751.0 008 151028t2015 it uu p 1 0ita r 020 $a978-88-465-1039-6* 032 $aLibriCat 040 $aPUL$bita 111 2 $aConvegno per i Responsabili e i Docenti degli Istituti associati alla Facoltà di S. Teologia della Pontificia Università Lateranense$d(2014 :$cRoma).$0(OLS)http://pul/name/93936 245 13$aIl Concilio Vaticano II a cinquant'anni :$bQuestioni aperte e prospettive ; Atti del Convegno per i Responsabili e i Docenti degli Istituti associati alla Facoltà di S. Teologia della Pontificia Università Lateranense (Roma, 22-24 settembre 2014) /$ca cura di Pierluigi Sguazzardo. 260 $aCittà del Vaticano :$bLateran University Press,$c2015. 300 $a221-536 p. ;$c24 cm. 611 24$aConcilium Vaticanum$n(2 :$d1962-1965)$xCritica e interpretazione.$0(OLS)http://pul/subject/2088 700 1 $aSguazzardo, Pierluigi.$0(OLS)http://pul/name/54376 710 2 $aPontificia Università Lateranense.$bFacoltà di teologia.$0(OLS)http://pul/name/2834 773 1 $tLateranum$pLateranum$dCittà del Vaticano : Pontificia Università Lateranense, 1919-$x1010-7215$gvol. 81, n.2 (2015)$w()22404 941 1 $a5 996 $6020$a978-88-465-1039-6*$9(OLS)http://pul/number/158862 996 $6245$aIl Concilio Vaticano II a cinquant'anni :$bQuestioni aperte e prospettive ; Atti del Convegno per i Responsabili e i Docenti degli Istituti associati alla Facoltà di S. Teologia della Pontificia Università Lateranense (Roma, 22-24 settembre 2014)$9(OLS)http://pul/title/185539 996 $6260$aCittà del Vaticano :$bLateran University Press$9(OLS)http://pul/publisher/74585 LEADER 01445nam a2200325 a 4500 001 000000175401 003 CaOOAMICUS 005 20220826102222.0 008 220826s2021 it u000 u ita r 020 $a978-88-01-04714-1* 032 $aLibriCat 040 $aPUL$bita 082 04$a227 100 1 $aMascilongo, Paolo,$csac.,$d1969-$0(OLS)http://pul/name/82246 245 11$a'Tutto ciò che Gesù fece e insegnò' : $bintroduzione ai Vangeli sinottici e agli Atti degli Apostoli / $cPaolo Mascilongo, Antonio Landi. 260 $aTorino :$bElledici,$c©2021. 300 $a408 p. ;$c22 cm 490 1 $aGraphé ;$v06 504 $aBibliografia p. 393-398. 630 04$aBiblia.$pN.T.$pActus apostolorum.$xCritica e interpretazione.$0(OLS)http://pul/subject/1725 700 1 $aLandi, Antonio.$0(OLS)http://pul/name/99964 830 0$aGraphé ;$v06.$0(OLS)http://pul/title/174483 850 $aPUL 852 $aPUL$W1$xSL Religione 3$y85$m220 COLL 9.6$j199605$qDDC 21$B204325$CPULBib$Z2$F204325 $H135748 $82 941 1 $a9 996 $6020$a978-88-01-04714-1*$9(OLS)http://pul/number/168795 996 $6082$a227$9(OLS)http://pul/classification/522 996 $6245$a'Tutto ciò che Gesù fece e insegnò' : $bintroduzione ai Vangeli sinottici e agli Atti degli Apostoli / $9(OLS)http://pul/title/216836 996 $6260$aTorino :$bElledici$9(OLS)http://pul/publisher/67321